<?xml version="1.0" encoding="UTF-8"?>
<collection xmlns="http://www.loc.gov/MARC21/slim">
 <record>
  <leader>02184nam a2200205Ia 4500</leader>
  <controlfield tag="001">CTU_236196</controlfield>
  <controlfield tag="008">210402s9999    xx            000 0 und d</controlfield>
  <datafield tag="082" ind1=" " ind2=" ">
   <subfield code="a">650</subfield>
  </datafield>
  <datafield tag="082" ind1=" " ind2=" ">
   <subfield code="b">B506</subfield>
  </datafield>
  <datafield tag="100" ind1=" " ind2=" ">
   <subfield code="a">Buckingham, Marcus</subfield>
  </datafield>
  <datafield tag="245" ind1=" " ind2="0">
   <subfield code="a">Nine lies about work :</subfield>
  </datafield>
  <datafield tag="245" ind1=" " ind2="2">
   <subfield code="b">A freethinking leader's guide to the real world</subfield>
  </datafield>
  <datafield tag="245" ind1=" " ind2="0">
   <subfield code="c">Marcus Buckingham, Ashley Goodall</subfield>
  </datafield>
  <datafield tag="260" ind1=" " ind2=" ">
   <subfield code="a">Boston, Massachusetts</subfield>
  </datafield>
  <datafield tag="260" ind1=" " ind2=" ">
   <subfield code="b">Harvard Business Review Press</subfield>
  </datafield>
  <datafield tag="260" ind1=" " ind2=" ">
   <subfield code="c">2019</subfield>
  </datafield>
  <datafield tag="520" ind1=" " ind2=" ">
   <subfield code="a">How do you get to what's real? Your organization's culture is the key to its success. Strategic planning is essential. People's competencies should be measured and their weaknesses shored up. People crave feedback. These may sound like basic truths of our work lives today. But actually, they're lies. As strengths guru and bestselling author Marcus Buckingham and Cisco Leadership and Team Intelligence head Ashley Goodall show in this provocative, inspiring book, there are some big lies--distortions, faulty assumptions, wrong thinking--running through our organizational lives. Nine lies, to be exact. They cause dysfunction and frustration and ultimately result in a strange feeling of unreality that pervades our workplaces. But there are those who can get past the lies and discover what's real. These are freethinking leaders who recognize the power and beauty of our individual uniqueness, who know that emergent patterns are more valuable than received wisdom, and that evidence is more powerful than dogma. With engaging stories and incisive analysis, the authors reveal the essential truths that such freethinking leaders will recognize immediately: that it is the strength and cohesiveness of your team, not your company's culture, that matters most; that we need less focus on top-down planning and more on giving our people reliable, real-time intelligence; that rather than trying to align people's goals we should strive to align people's sense of purpose and meaning; that people don't want constant feedback, they want helpful attention.</subfield>
  </datafield>
  <datafield tag="650" ind1=" " ind2=" ">
   <subfield code="a">Quản trị công nghiệp,Industrial management</subfield>
  </datafield>
  <datafield tag="910" ind1=" " ind2=" ">
   <subfield code="b">dqhieu</subfield>
  </datafield>
  <datafield tag="980" ind1=" " ind2=" ">
   <subfield code="a">Trung tâm Học liệu Trường Đại học Cần Thơ</subfield>
  </datafield>
 </record>
</collection>
